01283nam a2200313Ia 4500001001200000003000800012006001900020007001500039008004100054010001700095020001800112040002100130035002100151050002500172082001500197245016200212260003600374300004400410504005100454533015200505650002000657650001900677650002800696655002900724700003800753700003500791710001700826856012600843ebr10381061CaPaEBRm u cr cn|||||||||090810s2010 njuaf sb 001 0 eng d z 2009031390 z9780470242353 aCaPaEBRcCaPaEBR a(OCoLC)65480408514aR857.N34bM85 2010eb04a610.2822200aMultiscale modeling of particle interactionsh[electronic resource] :bapplications in biology and nanotechnology /cedited by Michael R. King, David J. Gee. aHoboken, N.J. :bWiley,cc2010. aviii, 372 p., [16] p. of plates :bill. aIncludes bibliographical references and index. aElectronic reproduction.bPalo Alto, Calif. :cebrary,d2010.nAvailable via World Wide Web.nAccess may be limited to ebrary affiliated libraries. 0aNanotechnology. 0aNanoparticles. 0aBiomedical engineering. 7aElectronic books.2local1 aKing, M. R.q(Michael R.),d1973-1 aGee, D. J.q(David J.),d1964-2 aebrary, Inc.40uhttp://site.ebrary.com/lib/rucke/Doc?id=10381061zAn electronic book accessible through the World Wide Web; click to view